000 00440nam a22001575i 4500
001 157792
003 ES-MaACL
005 20230906210842.0
008 000117s1886 ck |||| | spa d
040 _aCCPB | B
_bspa
_cCCPB | B
245 0 3 _aLa lira nueva.
260 _aBogotá :
_b[s.n.],
_c1886 (
_fImprenta de M. Rivas)
300 _a417 p. ;
_c21 cm.
752 _aColombia -
_dBogotá
852 _aES-MaACL
_jG-7123
_z-- Enc. pasta
999 _c157792
_d157792